000
00222 a2200085 4500
245
_a
ZIMBABWE AGRICULTURE REVOLUTION REVISITED
_h
Text
100
_a
MANDIVAMBA RUKUNI,PATRICK TAWONEZVI
650
_a
AGRICULTURE
005
20191017172137.0
084
_a
NONE
999
_c
8492
_d
8492